Código mundial antidopaje

Đã lưu trong:
Chi tiết về thư mục
Tác giả của công ty: Agencia Mundial Antidopaje (Tác giả)
Định dạng: Sách
Ngôn ngữ:Tiếng Tây Ban Nha
Được phát hành: Montreal, Canada. Agencia Mundial Antidopaje, 2015
Loạt:Juego Limpio
Những chủ đề:
Các nhãn: Thêm thẻ
Không có thẻ, Là người đầu tiên thẻ bản ghi này!

MARC

LEADER 00000cam a2200000 a 4500
001 UCC3202
003 CL-VaPUC
005 20240930160404.0
008 180422e20150000cn |||||||||||||||||spa|d
999 |c 371008  |d 371006 
040 |c Pontificia Universidad Católica de Valparaíso 
082 0 4 |a 362.29 AGE 2015  |2 21 
110 2 |a Agencia Mundial Antidopaje  |e author  |9 597236 
245 1 0 |a Código mundial antidopaje 
260 |a Montreal, Canada.  |b Agencia Mundial Antidopaje,   |c 2015 
300 |a 98 páginas  
490 0 |a Juego Limpio 
500 |a c.4 -Donación Prof. Daniel Duclos B. (EFI) Memo Nº 2 / 21-7-2021 
583 |a last modification  |c 20180422 17:11:00  |k Rodrigo Vera 
650 7 |a CONTROL DE DROGAS  |2 CL-VaPUC  |9 597237 
650 0 |a Drogadicción  |9 331967 
650 7 |a TRAFICO DE ESTUPEFACIENTES  |2 CL-VaPUC  |9 519354 
650 0 |a Problemas sociales  |9 258537 
650 0 |a Consumo de drogas  |9 390009 
942 |c BK  |2 ddc 
945 |d 20180422 17:11:00  |a arojas 
952 |0 0  |1 0  |3 erb  |4 0  |6 362_290000000000000_AGE_2015  |7 0  |8 A  |9 487843  |a BIBEDU  |b BIBEDU  |c ES_NOD  |i 5465117  |l 1  |o 362.29 AGE 2015  |p 5465117  |r 2023-08-09  |s 2023-08-04  |w 2019-11-24  |y BK  |z Catalogado en:20180422  |k EFI 
952 |0 0  |1 0  |3 erb  |4 0  |6 362_290000000000000_AGE_2015  |7 0  |8 A  |9 487844  |a BIBEDU  |b BIBEDU  |c ES_NOD  |i 5465125  |o 362.29 AGE 2015  |p 5465125  |r 2023-08-09  |w 2019-11-24  |y BK  |z Catalogado en:20180422  |k EFI 
952 |0 0  |1 0  |3 erb  |4 0  |6 362_290000000000000_AGE_2015  |7 0  |8 A  |9 487845  |a BIBEDU  |b BIBEDU  |c ES_NOD  |i 5465133  |o 362.29 AGE 2015  |p 5465133  |r 2023-08-09  |w 2019-11-24  |y BK  |z Catalogado en:20180422  |k EFI 
952 |0 0  |1 0  |2 ddc  |4 0  |6 362_290000000000000_AGE_2015  |7 0  |8 A  |9 578667  |a BIBEDU  |b BIBEDU  |c ES_NOD  |d 2021-08-23  |i 5623294  |o 362.29 AGE 2015  |p 5623294  |r 2023-08-09  |t 4  |w 2021-08-23  |y BK  |k EFI